000 00449nmm a2200157Ia 4500
008 251105s9999||||xx |||||||||||||||||und||
020 _a9788467149968
041 _aspa
100 _aChild, Maureen
245 0 _aAmor a ritmo de jazz
264 _a[Madrid, España] :
_bHarlequin,
_c[Fecha de publicación no identificada]
300 _a0 páginas
650 _aRomance
856 _uhttps://public.digitaliapublishing.com/a/92229
942 _cCF
999 _c83397
_d83397